000 00702nam a2200289Ia 4500
005 20260324135225.0
008 008 260324s9999 xx 000 0 eng d
020 _a9781315803302
037 _aEBOOK
040 _aCRL
040 _beng
040 _cCRL
041 _2eng
041 _aeng
084 _qCRL
100 _aJudith G. Teicholz
_91199798
245 0 _aKohut, Loewald and the Postmoderns
245 2 _bA Comparative Study of Self and Relationship
260 _bTaylor and Francis
260 _c2000
365 _a
365 _b210
856 _uhttp://www.taylorfrancis.com/books/9781315803302
942 _cEBOOK
999 _c1800653
_d1800653